| 000 | 00546nam a2200205Ia 4500 | ||
|---|---|---|---|
| 008 | 160114s9999 xx 000 0 und d | ||
| 020 | _a0-717257606 | ||
| 050 | _a745.5 | ||
| 050 | _b.C885 2003 | ||
| 100 | _aLocke, Sue. | ||
| 245 |
_aBack-to-School Book / _cSue Locke. |
||
| 260 |
_aDanbury _bThe Brown Reference Group plc. _c2003 |
||
| 300 | _a32 pages; | ||
| 440 | _aCrafts for Kids | ||
| 500 | _aIncludes indexes. | ||
| 650 | _aGames-- | ||
| 650 | _aHandicraft-- | ||
| 650 | _xJuvenile literature. | ||
| 650 | _xJuvenile literature. | ||
| 999 |
_c290284 _d290284 |
||